Komentovaný seznam cévnatých rostlin Bílých Karpat = Annotated checklist of vascular plants of the White Carpathian Mts. /

Hlavní autor: Jongepier, Jan Wilem, 1951-
Další autoři: Jongepierová, Ivana, 1962-
Jazyk: Čeština
Vydáno: Veselí nad Moravou : ZO ČSOP Bílé Karpaty, 2006
Témata:
Externí odkaz: Digitalizovaný dokument
Fyzický popis: 107 s. ; 27 cm
Knihy
Uloženo v:
LEADER 01840nam a2200469 a 4500
001 nkc20061702160
003 CZ PrNK
005 20070718135038.0
007 ta
008 061218s2006 xr f 000 0 cze
015 |a cnb001702160 
020 |a 80-903444-2-9  |q (brož.) 
035 |a (OCoLC)186965458 
040 |a BOA001  |b cze  |d ABA001 
043 |a e-xr---  |a e-xo---  |b e-xr-mr  |2 czenas 
072 7 |a 58  |x Botanika  |2 Konspekt  |9 2 
080 |a 582.35/.99  |2 MRF 
080 |a 581.9  |2 MRF 
080 |a (437.32-11)  |2 MRF 
080 |a (083.8)  |2 MRF 
100 1 |a Jongepier, Jan Wilem,  |d 1951-  |7 mzk2006348478  |4 aut 
245 1 0 |a Komentovaný seznam cévnatých rostlin Bílých Karpat =  |b Annotated checklist of vascular plants of the White Carpathian Mts. /  |c Jan W. Jongepier, Ivana Jongepierová 
246 3 1 |a Annotated checklist of vascular plants of the White Carpathian Mts. 
260 |a Veselí nad Moravou :  |b ZO ČSOP Bílé Karpaty,  |c 2006 
300 |a 107 s. ;  |c 27 cm 
500 |a 500 výt. 
504 |a Obsahuje bibliografii 
650 0 7 |a cévnaté rostliny  |7 ph114278  |2 czenas 
650 0 7 |a flóra  |7 ph114559  |z Česko  |2 czenas 
650 0 9 |a vascular plants  |2 eczenas 
650 0 9 |a flora  |z Czechia  |2 eczenas 
651 7 |a Bílé Karpaty (Česko a Slovensko : pohoří)  |7 ge129114  |2 czenas 
651 9 |a Bílé Karpaty Mountains (Czechia and Slovakia)  |2 eczenas 
655 7 |a seznamy  |7 fd133378  |2 czenas 
655 9 |a lists  |2 eczenas 
700 1 |a Jongepierová, Ivana,  |d 1962-  |7 ola2005262938  |4 aut 
856 4 1 |u http://www.digitalniknihovna.cz/mzk/uuid/uuid:07f00980-122d-11e8-a0cf-005056827e52  |y Digitalizovaný dokument  |x NDK 
910 2 |a BOA001  |b 3-1185.916 
990 |a BK 
995 |a 01 
991 |b 200705  |c NOV 
996 6 |b 2610308447  |c 3-1185.916  |l MZK  |r Sklad / do 1 hodiny  |n 1  |p p.v.  |w 000848997  |u 000010  |a 1  |e BOA001  |j MZK50  |s P